Tuyển tập truyện ngắn Macxim Gorki
Chọn lọc những tác phẩm tiêu biểu nhất của ông :Makar Tsuđra, Bà lão Idecghin, Bài ca chim ưng, Bài ca chim báo bão,Emelien Pilai, Lão Arkhip và bé Liônka, Kẻ phá bĩnh, Vợ chồng Orlôp...
Saved in:
| Main Author: | |
|---|---|
| Other Authors: | |
| Format: | Book |
| Language: | Undetermined |
| Published: |
H.
Văn học
2010
|
| Subjects: | |
| Online Access: | http://lrc.tdmu.edu.vn/opac/search/detail.asp?aID=2&ID=17064 |
| Tags: |
Add Tag
No Tags, Be the first to tag this record!
|
| Institutions: | Trung tâm Học liệu Trường Đại học Thủ Dầu Một |
|---|
| LEADER | 00965nam a2200217Ia 4500 | ||
|---|---|---|---|
| 001 | TDMU_17064 | ||
| 008 | 210410s9999 xx 000 0 und d | ||
| 082 | |a 891.73 | ||
| 090 | |b G434 | ||
| 100 | |a Gorki, Macxim | ||
| 245 | 0 | |a Tuyển tập truyện ngắn Macxim Gorki | |
| 245 | 0 | |c Macxim Gorki ; Phạm Mạnh Hùng, Cao Xuân Hạo dịch | |
| 260 | |a H. | ||
| 260 | |b Văn học | ||
| 260 | |c 2010 | ||
| 300 | |a 739tr. | ||
| 520 | |a Chọn lọc những tác phẩm tiêu biểu nhất của ông :Makar Tsuđra, Bà lão Idecghin, Bài ca chim ưng, Bài ca chim báo bão,Emelien Pilai, Lão Arkhip và bé Liônka, Kẻ phá bĩnh, Vợ chồng Orlôp... | ||
| 650 | |a Văn học Nga |x Truyện ngắn; Truyện ngắn Nga | ||
| 700 | |a Phạm, Mạnh Hùng | ||
| 856 | |u http://lrc.tdmu.edu.vn/opac/search/detail.asp?aID=2&ID=17064 | ||
| 980 | |a Trung tâm Học liệu Trường Đại học Thủ Dầu Một | ||